[Event "Hansa Dortmund- Osterfeld"]
[Site "?"]
[Date "2023.10.29"]
[Round "3.1"]
[White "Laudage, Bernd"]
[Black "Klyuner, Vyacheslav"]
[Result "0-1"]
[WhiteElo "1996"]
[BlackElo "2396"]
[PlyCount "76"]
[SourceDate "2023.11.07"]

1. e4 d6 2. Nc3 c5 3. g3 g6 4. Bg2 Bg7 5. d3 Nc6 6. Nge2 e5 7. Be3 Nge7 8. Qd2
Nd4 9. h3 Qa5 10. f3 Be6 11. O-O d5 12. Nc1 dxe4 13. fxe4 Qc7 14. Nd1 b6 15. c3
Ndc6 16. Bh6 O-O 17. Bxg7 Kxg7 18. g4 Rad8 19. Ne3 f6 20. c4 Nd4 21. Ne2 Nxe2+
22. Qxe2 g5 23. Nf5+ Nxf5 24. gxf5 Bf7 25. Rf2 a6 26. a4 Rd4 27. Bf1 Rfd8 28.
Qc2 R8d6 29. Rf3 h5 30. Ra3 b5 31. axb5 axb5 32. b3 Rb6 33. Qa2 Rd7 34. Rf2 Qd6
35. Kg2 Rdb7 36. Ra5 bxc4 37. bxc4 Qd4 38. Be2 Rb2 0-1

[Event "Hansa Dortmund- Osterfeld"]
[Site "?"]
[Date "2023.10.29"]
[Round "3.2"]
[White "Karger, Frank"]
[Black "Ivchenko, Anatoly"]
[Result "1-0"]
[WhiteElo "2235"]
[BlackElo "1822"]
[PlyCount "107"]
[SourceDate "2023.11.07"]

1. d4 d5 2. c4 c6 3. Nf3 Nf6 4. Nc3 e6 5. e3 Nbd7 6. Qc2 Bd6 7. b3 O-O 8. Bb2
Qe7 9. Bd3 dxc4 10. bxc4 e5 11. O-O Re8 12. Bf5 exd4 13. exd4 Nf8 14. Bd3 Bg4
15. Rae1 Qc7 16. Ne5 Rad8 17. f4 Bc8 18. Ne4 Nxe4 19. Bxe4 f6 20. Nd3 Be6 21.
g3 Bh3 22. Rf2 Qc8 23. f5 Bg4 24. Bc3 Bh5 25. Nf4 Bf7 26. Bb2 Re7 27. Ref1 Rde8
28. Bd3 Re3 29. a4 Qd8 30. Bc3 Bc7 31. Rb1 Qc8 32. Bd2 R3e7 33. Bc3 Bd6 34. a5
a6 35. Rc1 Ba3 36. Rb1 Bd6 37. Bf1 Re3 38. Bd2 R3e4 39. Ne6 R4xe6 40. fxe6 Bxe6
41. Bd3 Rd8 42. Bc3 Rd7 43. Re1 Qd8 44. Bf5 Bxf5 45. Qxf5 Qc7 46. Kg2 Rd8 47.
Rb2 Qf7 48. d5 Qc7 49. Reb1 Qe7 50. Rxb7 Qe2+ 51. Kh3 g6 52. Qxf6 Qh5+ 53. Qh4
Qf5+ 54. Qg4 1-0

[Event "Hansa Dortmund- Osterfeld"]
[Site "?"]
[Date "2023.10.29"]
[Round "3.3"]
[White "Hessel, Malte"]
[Black "Sundorf, Jannik"]
[Result "0-1"]
[WhiteElo "1980"]
[BlackElo "2123"]
[PlyCount "86"]
[SourceDate "2023.11.07"]

1. d4 Nf6 2. Nf3 d5 3. e3 g6 4. Nbd2 Bg7 5. Bd3 O-O 6. O-O c5 7. c3 Nbd7 8. e4
dxe4 9. Nxe4 Nxe4 10. Bxe4 Nf6 11. Bc2 Qc7 12. dxc5 Qxc5 13. h3 Be6 14. Be3 Qc7
15. Bb3 Rfd8 16. Qe2 Bxb3 17. axb3 a6 18. Bd4 Nd5 19. Bxg7 Kxg7 20. Rfe1 e6 21.
Qe5+ Qxe5 22. Nxe5 Nb6 23. Rad1 Kf6 24. Kf1 Rxd1 25. Ng4+ Ke7 26. Rxd1 Rd8 27.
Rxd8 Kxd8 28. Ke2 Ke7 29. Kd3 f6 30. Kd4 h5 31. Ne3 Kd6 32. Nc4+ Nxc4 33. Kxc4
e5 34. f3 h4 35. Kd3 f5 36. Ke3 g5 37. Kf2 Kd5 38. g3 hxg3+ 39. Kxg3 f4+ 40.
Kf2 e4 41. fxe4+ Kxe4 42. Ke2 a5 43. c4 b6 0-1

[Event "Hansa Dortmund- Osterfeld"]
[Site "?"]
[Date "2023.10.29"]
[Round "3.4"]
[White "Zelt, Jens"]
[Black "Fiori, Bruno"]
[Result "1-0"]
[WhiteElo "1991"]
[BlackElo "1831"]
[PlyCount "73"]
[SourceDate "2023.11.07"]

1. d4 c6 2. c3 d6 3. Nf3 Qc7 4. e4 e5 5. dxe5 dxe5 6. Bc4 h6 7. h3 Nf6 8. Qc2
Be7 9. Be3 O-O 10. a4 a5 11. O-O Nbd7 12. Nbd2 Bc5 13. Rfe1 Bxe3 14. Rxe3 Nb6
15. Bb3 Nh5 16. Nf1 Nf4 17. Kh2 Qe7 18. Ng1 Be6 19. g3 Ng6 20. Rd1 Rad8 21.
Red3 Bc4 22. Rxd8 Rxd8 23. Ne3 Rxd1 24. Qxd1 Bxb3 25. Qxb3 Qc5 26. Nf3 Kf8 27.
Kg2 f6 28. h4 h5 29. Nf5 Nh8 30. Qe6 Nf7 31. Nd2 g6 32. Nb3 Qc4 33. Qe7+ Kg8
34. Nd2 Qa2 35. Qe8+ Kh7 36. Ne7 Nh8 37. c4 1-0

[Event "Hansa Dortmund- Osterfeld"]
[Site "?"]
[Date "2023.10.29"]
[Round "3.5"]
[White "Gebauer, Reinhard"]
[Black "Linker, Walter"]
[Result "1/2-1/2"]
[WhiteElo "1792"]
[BlackElo "1962"]
[PlyCount "75"]
[SourceDate "2023.11.07"]

1. d4 Nf6 2. Bg5 d5 3. Nc3 Nbd7 4. e3 c6 5. Bd3 Qa5 6. Nf3 Ne4 7. O-O Ndf6 8.
Bxf6 Nxf6 9. Ne5 e6 10. a3 a6 11. b4 Qc7 12. f4 a5 13. Na2 Be7 14. c3 O-O 15.
Qb1 b6 16. Nc1 Ba6 17. Ne2 Bxd3 18. Qxd3 Ne4 19. Ng3 Nxg3 20. hxg3 f6 21. Nf3
Ra7 22. Rae1 axb4 23. axb4 Ra3 24. Qd2 f5 25. Ra1 Rfa8 26. Rxa3 Rxa3 27. Qb2
Ra7 28. Ne5 Bd6 29. Nd3 Ra6 30. Ra1 Qa7 31. Rxa6 Qxa6 32. Qd2 Kf7 33. Kh2 h6
34. Kh3 Qa1 35. Kh2 Qa3 36. Kh3 Qa1 37. Kh2 Qa3 38. Kh3 1/2-1/2

[Event "Hansa Dortmund- Osterfeld"]
[Site "?"]
[Date "2023.10.29"]
[Round "3.6"]
[White "Velli, Filippo"]
[Black "Bensch, Arnold"]
[Result "1-0"]
[WhiteElo "2239"]
[BlackElo "1737"]
[PlyCount "189"]
[SourceDate "2023.11.07"]

1. d4 Nf6 2. c4 g6 3. Nc3 Bg7 4. e4 d6 5. h3 c6 6. Nf3 Na6 7. Be2 Rb8 8. O-O
O-O 9. Be3 Nc7 10. Qc2 b5 11. Rfd1 a6 12. Rac1 Qe8 13. b3 Nd7 14. cxb5 axb5 15.
a4 bxa4 16. Nxa4 Nb6 17. Qxc6 Nca8 18. Qxe8 Rxe8 19. Nxb6 Rxb6 20. Bc4 Rb8 21.
Rb1 Nb6 22. Bf1 Bb7 23. d5 Nd7 24. Rdc1 Rec8 25. b4 Ra8 26. Nd4 Kf8 27. Nc6 Ke8
28. Na7 Rc3 29. Rxc3 Bxc3 30. Nb5 Rc8 31. Na7 Ra8 32. Bb5 Kd8 33. f4 Bd2 34.
Bxd2 Rxa7 35. Be3 Ra3 36. Kf2 Ra2+ 37. Kf3 Ra3 38. Rb2 Ra1 39. Bc6 Kc7 40. b5
Ra3 41. Bxd7 Kxd7 42. Rc2 Ra8 43. Kg4 f6 44. f5 h5+ 45. Kf4 g5+ 46. Kf3 Rc8 47.
Rb2 Rc4 48. Bb6 h4 49. Ke3 Rc1 50. Kd3 Rc8 51. Rc2 Rxc2 52. Kxc2 Kc8 53. Kc3
Kd7 54. Kb4 Kc8 55. Ka5 Kd7 56. Bd4 Kc7 57. Be3 Bc8 58. Bf2 Bb7 59. Kb4 Kd7 60.
Bb6 Kc8 61. Kc3 Kd7 62. Kd3 Kc8 63. Ke3 Kd7 64. Kf3 Ke8 65. Kg4 Bc8 66. Be3 Kf7
67. Kh5 Kg7 68. b6 Ba6 69. Bxg5 fxg5 70. Kxg5 Kf7 71. Kxh4 Kf6 72. Kg4 Be2+ 73.
Kf4 Ba6 74. h4 Bc8 75. h5 Kg7 76. Kg5 Kh7 77. f6 Kg8 78. Kg6 exf6 79. Kxf6 Kh7
80. g4 Kh6 81. Ke7 Kg5 82. Kxd6 Kf6 83. Kc7 Ba6 84. d6 Ke6 85. d7 Ke7 86. d8=Q+
Kf7 87. Qg5 Bb7 88. h6 Bxe4 89. Qf4+ Kg6 90. Qxe4+ Kf6 91. Qf5+ Ke7 92. h7 Ke8
93. Qe6+ Kf8 94. Qf6+ Ke8 95. h8=R# 1-0

[Event "Hansa Dortmund- Osterfeld"]
[Site "?"]
[Date "2023.10.29"]
[Round "3.7"]
[White "Kyritsis, Christoph"]
[Black "Georg, Wolffgang"]
[Result "0-1"]
[WhiteElo "1608"]
[BlackElo "1860"]
[PlyCount "54"]
[SourceDate "2023.11.07"]

1. Nc3 d5 2. d4 Nf6 3. Nf3 c5 4. Bg5 Nc6 5. e3 Bg4 6. Be2 e6 7. h3 Bxf3 8. Bxf3
cxd4 9. exd4 Be7 10. O-O O-O 11. Ne2 b5 12. c3 a5 13. Bf4 Qb6 14. a3 b4 15.
axb4 axb4 16. Qd3 Na5 17. Qc2 bxc3 18. bxc3 Nc4 19. Rxa8 Rxa8 20. Rb1 Qa7 21.
Qb3 Ne8 22. Qb7 Kf8 23. Qxa7 Rxa7 24. Rb8 g5 25. Be3 Ra1+ 26. Bc1 Ba3 27. Ra8
Rb1 0-1

[Event "Wattenscheid 3- Brackel 4"]
[Site "?"]
[Date "2023.10.29"]
[Round "3.1"]
[White "Strack, Patrick"]
[Black "Thelen, Thomas"]
[Result "0-1"]
[WhiteElo "1895"]
[BlackElo "1988"]
[PlyCount "140"]
[SourceDate "2023.11.07"]

1. e4 c5 2. d4 cxd4 3. c3 d3 4. Bxd3 d6 5. c4 e6 6. Nf3 Nd7 7. Nc3 a6 8. Be3
Ngf6 9. h3 Be7 10. Rc1 Qc7 11. O-O O-O 12. Qe2 b6 13. Rfd1 Bb7 14. Bb1 Rac8 15.
b3 Rfe8 16. Bf4 Ne5 17. Nd4 Bf8 18. Bg3 g6 19. Qe3 Qb8 20. Na4 Ba8 21. f4 Ned7
22. Nf3 b5 23. cxb5 axb5 24. Nc3 e5 25. Kh1 b4 26. Nd5 Bxd5 27. exd5 Nh5 28.
Be1 Rxc1 29. Qxc1 Nxf4 30. Qc4 Nf6 31. g3 N4xd5 32. Rxd5 Rc8 33. Qb5 Qxb5 34.
Rxb5 Rc1 35. Bd3 e4 36. Bxe4 Nxe4 37. Rxb4 Nd2 38. Kg2 Nxf3 39. Bf2 Ne1+ 40.
Bxe1 Rxe1 41. a4 d5 42. Rb8 Ra1 43. Rd8 Ra3 44. Rb8 Kg7 45. Kf3 d4 46. Ke4 Bd6
47. Rb7 Bxg3 48. Kxd4 Be1 49. Kc4 h5 50. Re7 Ra1 51. b4 Kf6 52. Re3 g5 53. a5
Rb1 54. a6 Rxb4+ 55. Kd5 Ra4 56. Rxe1 Rxa6 57. Rf1+ Kg6 58. Ke4 Re6+ 59. Kd5 h4
60. Ra1 Re3 61. Rh1 f5 62. Kd4 Ra3 63. Ke5 Re3+ 64. Kd4 f4 65. Rh2 Kf5 66. Rh1
Ra3 67. Rh2 f3 68. Rb2 Kf4 69. Rb5 f2 70. Rb7 Rf3 0-1

[Event "Wattenscheid 3- Brackel 4"]
[Site "?"]
[Date "2023.10.29"]
[Round "3.2"]
[White "Meyer, Juergen"]
[Black "Garbuz, Nicole"]
[Result "1-0"]
[WhiteElo "1899"]
[BlackElo "1863"]
[PlyCount "109"]
[SourceDate "2023.11.07"]

1. e4 e5 2. Nf3 Nc6 3. Bb5 a6 4. Bxc6 dxc6 5. O-O Bg4 6. h3 Bh5 7. g4 Bg6 8.
Nxe5 Qh4 9. Qf3 O-O-O 10. Kg2 Rd6 11. d3 Re6 12. Bf4 Bd6 13. Nxg6 Rxg6 14. Bxd6
cxd6 15. Nd2 h5 16. Qf5+ Kb8 17. Nf3 Qf6 18. Qxf6 Rxf6 19. g5 Rg6 20. Kh2 Ne7
21. Rg1 Re8 22. Nd4 d5 23. Rae1 Rd6 24. exd5 Rxd5 25. Re4 Rf8 26. f4 Ng6 27.
Rge1 Rfd8 28. Nf3 Rf5 29. Kg3 Ra5 30. a4 Rc5 31. R1e2 Rcd5 32. h4 Rf5 33. Re8
Kc7 34. Rxd8 Kxd8 35. Re4 Rc5 36. c4 Ra5 37. b3 b5 38. cxb5 axb5 39. Ne5 Nxe5
40. Rxe5 Ra7 41. axb5 cxb5 42. Kf3 Rb7 43. b4 Kd7 44. Rc5 Ke6 45. f5+ Ke7 46.
Ke4 g6 47. f6+ Kd6 48. Kd4 Rb8 49. Re5 Rb7 50. Re7 Rxe7 51. fxe7 Kxe7 52. Ke5
f6+ 53. gxf6+ Kf7 54. d4 g5 55. hxg5 1-0

[Event "Wattenscheid 3- Brackel 4"]
[Site "?"]
[Date "2023.10.29"]
[Round "3.3"]
[White "Krueger, Sven"]
[Black "Boehmfeldt, Rolf"]
[Result "1/2-1/2"]
[WhiteElo "1891"]
[BlackElo "1904"]
[PlyCount "46"]
[SourceDate "2023.11.07"]

1. e4 g6 2. d4 Bg7 3. Nf3 c5 4. Nc3 cxd4 5. Nxd4 Nc6 6. Be3 d6 7. Be2 Nf6 8.
O-O h5 9. Nb3 Ng4 10. Bc1 O-O 11. h3 Nf6 12. Be3 Be6 13. f4 b6 14. f5 Bd7 15.
fxg6 fxg6 16. Bc4+ Kh7 17. Nd4 Ne5 18. Ne6 Bxe6 19. Bxe6 Rb8 20. Qe2 Qc7 21.
Nd5 Nxd5 22. exd5 Nc4 23. c3 Nxe3 1/2-1/2

[Event "Wattenscheid 3- Brackel 4"]
[Site "?"]
[Date "2023.10.29"]
[Round "3.4"]
[White "Doehmann, Joerg"]
[Black "Gromov, Alexander"]
[Result "0-1"]
[WhiteElo "1810"]
[BlackElo "1752"]
[PlyCount "38"]
[SourceDate "2023.11.07"]

1. d4 Nf6 2. Bf4 g6 3. Nc3 Bg7 4. e4 d6 5. Qd2 h5 6. O-O-O Nbd7 7. Nf3 c5 8.
dxc5 Nxc5 9. Ng5 Qb6 10. f3 O-O 11. Bc4 a6 12. Rhe1 Bd7 13. Be3 Qc7 14. Bf1 Na4
15. Nxa4 Bxa4 16. b3 Bb5 17. Bxb5 axb5 18. Kb1 Rxa2 19. Kxa2 Nxe4 0-1

[Event "Wattenscheid 3- Brackel 4"]
[Site "?"]
[Date "2023.10.29"]
[Round "3.5"]
[White "Moerchel, Lou"]
[Black "Kraus, Tanja"]
[Result "1/2-1/2"]
[WhiteElo "1757"]
[BlackElo "1701"]
[PlyCount "36"]
[SourceDate "2023.11.07"]

1. e4 c5 2. Nf3 e6 3. d4 cxd4 4. Nxd4 a6 5. Be3 Qc7 6. c3 Nf6 7. Nd2 Nc6 8.
N4f3 d5 9. exd5 Nxd5 10. Bg5 Be7 11. Bxe7 Ncxe7 12. Bd3 b5 13. O-O Bb7 14. Be4
Rd8 15. Qc2 Nf6 16. Bxb7 Qxb7 17. Rad1 O-O 18. Nb3 Qc7 1/2-1/2

[Event "Wattenscheid 3- Brackel 4"]
[Site "?"]
[Date "2023.10.29"]
[Round "3.6"]
[White "Kotulla, Guenther"]
[Black "Schmitz, Julian"]
[Result "1-0"]
[WhiteElo "1671"]
[BlackElo "1675"]
[PlyCount "47"]
[SourceDate "2023.11.07"]

1. e4 e5 2. d4 exd4 3. Qxd4 Nc6 4. Qe3 b6 5. Nc3 Bb7 6. Bd2 g6 7. O-O-O Bg7 8.
f4 d6 9. Nf3 Qd7 10. Bb5 O-O-O 11. Nd5 a6 12. Ba4 Re8 13. Bc3 f6 14. Qd3 b5 15.
Bb3 Nce7 16. e5 Nxd5 17. Bxd5 fxe5 18. fxe5 Ne7 19. e6 Bh6+ 20. Kb1 Qd8 21.
Bxb7+ Kxb7 22. Bxh8 Rxh8 23. Ne5 Nc6 24. Nf7 1-0

[Event "Wattenscheid 3- Brackel 4"]
[Site "?"]
[Date "2023.10.29"]
[Round "3.7"]
[White "Luft, Marcel"]
[Black "Thon, Manfred"]
[Result "1-0"]
[WhiteElo "1739"]
[BlackElo "1820"]
[PlyCount "51"]
[SourceDate "2023.11.07"]

1. e4 c5 2. Nf3 Nc6 3. d4 cxd4 4. Nxd4 g6 5. Nc3 Bg7 6. Be3 Qa5 7. Qd2 Nf6 8.
f3 O-O 9. O-O-O a6 10. Nb3 Qc7 11. h4 Rd8 12. Qf2 Qb8 13. Bb6 Re8 14. g4 d6 15.
g5 Nd7 16. Be3 b5 17. h5 Nce5 18. hxg6 fxg6 19. Qh4 Nf8 20. f4 Nc4 21. Bd4 e5
22. fxe5 Nxe5 23. Bxe5 Rxe5 24. Nd5 Be6 25. Ne7+ Kh8 26. Nxg6+ 1-0

[Event "Wattenscheid 3- Brackel 4"]
[Site "?"]
[Date "2023.10.29"]
[Round "3.8"]
[White "Gallert, Jan"]
[Black "Stych, Paul"]
[Result "0-1"]
[WhiteElo "1499"]
[BlackElo "1643"]
[PlyCount "74"]
[SourceDate "2023.11.07"]

1. d4 Nf6 2. Nf3 g6 3. c4 Bg7 4. Nc3 d5 5. cxd5 Nxd5 6. e4 Nxc3 7. bxc3 c5 8.
Be2 Qa5 9. Bd2 O-O 10. O-O Bg4 11. a4 Rd8 12. Rb1 Qc7 13. d5 c4 14. Rb4 Bxf3
15. Bxf3 Na6 16. Rb2 Nc5 17. Qc2 Nd3 18. Ra2 Be5 19. g3 f5 20. Kg2 Kh8 21. Rb1
Rg8 22. exf5 gxf5 23. d6 Qxd6 24. Rb5 f4 25. Rd5 Qb6 26. Bc1 Ne1+ 27. Kf1 Nxc2
28. Rxc2 Qf6 29. g4 Rad8 30. Rc5 Rc8 31. Rb5 b6 32. Re2 Rc5 33. Ba3 Rxb5 34.
axb5 Bd6 35. Bb2 Qh4 36. Ke1 Rg5 37. Kd1 Qxh2 0-1

[Event "Mülheim- Recklinghausen"]
[Site "?"]
[Date "2023.10.29"]
[Round "3.1"]
[White "Blayvas, Jan"]
[Black "Langschmidt, Dirk"]
[Result "1-0"]
[WhiteElo "2107"]
[BlackElo "2008"]
[PlyCount "107"]
[SourceDate "2023.11.07"]

1. d4 d5 2. c4 c6 3. Nf3 Nf6 4. Nc3 e6 5. cxd5 cxd5 6. Bg5 h6 7. Bh4 Nc6 8. e3
Qb6 9. Rb1 Ne4 10. Bd3 g5 11. Bg3 Nxg3 12. hxg3 Bg7 13. a3 Bd7 14. b4 Rc8 15.
Na4 Qc7 16. Rc1 Qd6 17. Nc5 b6 18. Nxd7 Kxd7 19. Bb5 Ke7 20. O-O a5 21. Qa4 g4
22. Nd2 Na7 23. bxa5 bxa5 24. Qxa5 Rxc1 25. Rxc1 Nxb5 26. Qxb5 Qxa3 27. Rc7+
Kf6 28. Nb3 Rf8 29. Nc5 Kg6 30. Qb1+ Kh5 31. Nxe6 fxe6 32. Rxg7 Rf5 33. Qb8 Qf8
34. Qxf8 Rxf8 35. Re7 Rf6 36. Kf1 Kg6 37. Ke2 Kf5 38. f3 h5 39. Rg7 Rh6 40. f4
Kf6 41. Rg5 Rh8 42. Kd3 Rh7 43. e4 dxe4+ 44. Kxe4 Rh8 45. Ra5 Kg6 46. Ra6 Kf7
47. Ke5 h4 48. Ra7+ Kg6 49. gxh4 Rxh4 50. Kxe6 g3 51. f5+ Kh6 52. Ke5 Rh2 53.
Ra2 Kg7 54. d5 1-0

[Event "Mülheim- Recklinghausen"]
[Site "?"]
[Date "2023.10.29"]
[Round "3.2"]
[White "Straenger, Petra"]
[Black "Callenberg, Ralf"]
[Result "0-1"]
[WhiteElo "1826"]
[BlackElo "2008"]
[PlyCount "106"]
[SourceDate "2023.11.07"]

1. d4 Nf6 2. c4 g6 3. Nc3 d5 4. cxd5 Nxd5 5. e4 Nxc3 6. bxc3 Bg7 7. Nf3 c5 8.
Bb5+ Bd7 9. Bxd7+ Qxd7 10. O-O cxd4 11. cxd4 Nc6 12. Be3 O-O 13. Rb1 e6 14. Qd3
Rfd8 15. Rfd1 b6 16. Rb5 Rac8 17. a4 Na5 18. Qd2 Nc4 19. Qd3 Nd6 20. Rb4 Qb7
21. d5 exd5 22. Qxd5 Qxd5 23. Rxd5 Nxe4 24. Rxd8+ Rxd8 25. g3 f5 26. Rc4 Rd7
27. Rc8+ Kf7 28. Kg2 Bf6 29. Rc6 Ke7 30. Rc4 g5 31. h3 h6 32. g4 Nd6 33. Rc6
fxg4 34. hxg4 Nf7 35. Bc1 Nd8 36. Ba3+ Kf7 37. Rc8 Ne6 38. Bc1 Rc7 39. Rxc7+
Nxc7 40. Nd2 Ke6 41. Ne4 Be5 42. Ba3 Kd5 43. Kf3 Ne6 44. Be7 Nd4+ 45. Ke3 Nc6
46. Bf6 Bf4+ 47. Kf3 Ne5+ 48. Bxe5 Bxe5 49. Nd2 a6 50. Ke2 Bf4 51. Nf3 Kc4 52.
Kd1 Kc3 53. Ne1 Kb4 0-1

[Event "Mülheim- Recklinghausen"]
[Site "?"]
[Date "2023.10.29"]
[Round "3.3"]
[White "Mecklenburg, Roland"]
[Black "Preisner, Peter"]
[Result "1/2-1/2"]
[WhiteElo "1930"]
[BlackElo "1801"]
[PlyCount "128"]
[SourceDate "2023.11.07"]

1. d4 Nf6 2. Nf3 e6 3. c4 b6 4. Nc3 Bb4 5. e3 Ba6 6. Bd3 O-O 7. O-O d5 8. cxd5
Bxd3 9. Qxd3 exd5 10. Bd2 Ne4 11. Nxe4 dxe4 12. Qxe4 Na6 13. a3 Bxd2 14. Nxd2
Nc5 15. Qc2 Ne6 16. Qc6 Qe7 17. Rac1 Rad8 18. Nf3 Rd6 19. Qe4 f5 20. Qb7 a5 21.
b4 axb4 22. axb4 f4 23. Qe4 Qf6 24. d5 Ng5 25. Nxg5 Qxg5 26. exf4 Qxf4 27. f3
Qg5 28. Rfd1 Qd8 29. b5 Re8 30. Qc4 Re5 31. f4 Re7 32. Re1 Qe8 33. Kf2 Qf7 34.
Rxe7 Qxe7 35. g3 Qf6 36. Re1 h6 37. Re5 Qd8 38. Qe4 Kf7 39. Ke3 Rf6 40. Qb4 Rd6
41. Qc4 Qd7 42. Kd4 Kf8 43. Qd3 Rf6 44. Qa3+ Rd6 45. Qd3 Rf6 46. Kc4 Qd6 47.
Qe3 Kf7 48. f5 Qd7 49. g4 h5 50. h3 hxg4 51. hxg4 Rh6 52. Re6 Rh1 53. Rc6 Kf8
54. Qg5 Rg1 55. Re6 Rb1 56. Kc3 Rxb5 57. f6 Rc5+ 58. Kd4 Qa4+ 59. Ke3 Rc3+ 60.
Kf2 Qd4+ 61. Kg2 Rc2+ 62. Kh3 Rc3+ 63. Kg2 Rc2+ 64. Kh3 Rc3+ 1/2-1/2

[Event "Mülheim- Recklinghausen"]
[Site "?"]
[Date "2023.10.29"]
[Round "3.4"]
[White "Kucki, Hermann"]
[Black "Parado, Dominador"]
[Result "0-1"]
[WhiteElo "1723"]
[BlackElo "1882"]
[PlyCount "90"]
[SourceDate "2023.11.07"]

1. d4 Nf6 2. c4 g6 3. Nc3 Bg7 4. e4 d6 5. Bg5 h6 6. Bxf6 Bxf6 7. f4 Bg7 8. Nf3
O-O 9. e5 c5 10. d5 Bg4 11. Bd3 dxe5 12. h3 Bxf3 13. Qxf3 exf4 14. Qxf4 Qd6 15.
Qxd6 Bxc3+ 16. bxc3 exd6 17. Kd2 Nd7 18. Rhf1 h5 19. Rf3 Kg7 20. Raf1 f5 21.
Rf4 Ne5 22. a4 b6 23. Rb1 Rab8 24. Rff1 f4 25. Be2 Kh6 26. h4 Rbe8 27. a5 bxa5
28. Ra1 Rb8 29. Rfb1 Rb6 30. Rb5 Ra6 31. Rbxa5 Rxa5 32. Rxa5 Rf7 33. Ra6 Rd7
34. Ra1 g5 35. Rf1 Re7 36. hxg5+ Kxg5 37. Ra1 h4 38. Ra6 Rd7 39. Ke1 f3 40.
gxf3 h3 41. Kf2 Kf4 42. Ra1 Rg7 43. Rh1 Rg2+ 44. Kf1 Kg3 45. Ke1 h2 0-1

[Event "Mülheim- Recklinghausen"]
[Site "?"]
[Date "2023.10.29"]
[Round "3.5"]
[White "Balke, Heinrich"]
[Black "Brockmann, Michael"]
[Result "0-1"]
[WhiteElo "1828"]
[BlackElo "1880"]
[PlyCount "132"]
[SourceDate "2023.11.07"]

1. e4 e5 2. Nf3 Nc6 3. Bc4 Nf6 4. Ng5 d5 5. exd5 b5 6. Bf1 Nxd5 7. Bxb5 Bb7 8.
d4 f6 9. Ne6 Qd6 10. Bxc6+ Qxc6 11. Nxf8 Kxf8 12. f3 exd4 13. O-O Qb6 14. Re1
Kf7 15. Na3 Rhe8 16. Kh1 Rxe1+ 17. Qxe1 Re8 18. Qd1 Ne3 19. Bxe3 dxe3 20. Nc4
Qe6 21. Qe2 Ba6 22. b3 Rd8 23. Re1 Bxc4 24. Qxc4 Qxc4 25. bxc4 Rd2 26. Kg1 Rxc2
27. Rxe3 Rxa2 28. h3 a5 29. Kh2 a4 30. c5 Rc2 31. Re4 a3 32. Ra4 a2 33. Ra6 Ke7
34. Kg3 Kd7 35. f4 Kc8 36. c6 Kd8 37. Ra7 Rxc6 38. Rxa2 Re6 39. Rd2+ Kc8 40.
Kf3 c6 41. Ra2 Re7 42. g4 Kb7 43. Rb2+ Kc7 44. Rc2 g6 45. h4 Rd7 46. Ke4 Rd5
47. Ra2 f5+ 48. gxf5 gxf5+ 49. Ke3 Kb7 50. Rb2+ Rb5 51. Rg2 Ka6 52. Rg7 Rb7 53.
Rg5 Rf7 54. Kd4 Kb5 55. Kc3 Kc5 56. h5 Kd5 57. Kd3 c5 58. h6 Rf6 59. Rh5 c4+
60. Ke3 Kc5 61. Rh1 Re6+ 62. Kd2 Kd4 63. Rh3 Ra6 64. Rh5 Ra2+ 65. Kc1 Ke4 66.
Rg5 Rh2 0-1

[Event "Mülheim- Recklinghausen"]
[Site "?"]
[Date "2023.10.29"]
[Round "3.6"]
[White "Wisotzky, Klaus"]
[Black "Stahlhofen, Thomas"]
[Result "0-1"]
[WhiteElo "1552"]
[BlackElo "1803"]
[PlyCount "54"]
[SourceDate "2023.11.07"]

1. d4 Nf6 2. Nf3 d5 3. c4 e6 4. cxd5 exd5 5. Bg5 Be7 6. Nc3 Nbd7 7. e3 h6 8.
Bxf6 Nxf6 9. h3 c6 10. Bd3 O-O 11. O-O Re8 12. Qc2 Bd6 13. Bf5 Bxf5 14. Qxf5
Ne4 15. Nxe4 Rxe4 16. Nd2 Re6 17. Qf3 Qh4 18. Qg4 Qe7 19. Qd1 Re8 20. Qb3 g5
21. Qd1 f5 22. Nf3 Rg6 23. Qd3 Qf6 24. Ne5 Bxe5 25. dxe5 Qxe5 26. b4 g4 27.
hxg4 Rxg4 0-1

[Event "Mülheim- Recklinghausen"]
[Site "?"]
[Date "2023.10.29"]
[Round "3.7"]
[White "Hillebrand, Elmar"]
[Black "Lohmar, Hermann"]
[Result "1-0"]
[WhiteElo "1780"]
[BlackElo "1526"]
[Annotator "daniel"]
[PlyCount "91"]
[SourceDate "2023.11.07"]

1. e4 c6 2. d4 d5 3. Nc3 dxe4 4. Nxe4 Nf6 5. Nxf6+ exf6 6. Nf3 Bd6 7. Bd3 O-O
8. O-O Re8 9. h3 Be6 10. c4 Na6 11. c5 Bc7 12. Bxa6 bxa6 13. Be3 Bd5 14. Nh4
Qd7 15. g4 Be4 $11 16. f3 Bg6 17. Qd2 Bg3 18. Nxg6 hxg6 19. Bf4 Bxf4 20. Qxf4
Re2 21. Rf2 Rae8 22. Kf1 R2e6 23. Rd1 g5 24. Qd2 Qd5 25. b3 Re3 26. Kg2 Qe6 27.
Qa5 Qc8 28. d5 cxd5 29. Rxd5 R3e5 30. Rxe5 Rxe5 31. b4 Kh7 32. Qa4 Re6 33. Qc2+
Kg8 34. Rd2 g6 35. Qd3 Qb7 36. a3 Kg7 37. Qd4 Qb5 38. Qd3 Qa4 39. Kf2 Re7 40.
Qc3 Qb5 41. c6 Rc7 42. Rd6 Qe5 43. Qxe5 fxe5 44. Ke3 Kf8 45. Ke4 Ke7 46. Kxe5
1-0

[Event "Katernberg 4- Werden 2"]
[Site "?"]
[Date "2023.10.29"]
[Round "3.1"]
[White "Lorenz, Dietmar"]
[Black "Huettemann, Karl- Heinz"]
[Result "1/2-1/2"]
[WhiteElo "1825"]
[BlackElo "1958"]
[PlyCount "34"]
[SourceDate "2023.11.07"]

1. d4 d5 2. c4 e6 3. Nc3 Nf6 4. cxd5 exd5 5. Bg5 Be7 6. e3 O-O 7. Bd3 c6 8. Qc2
h6 9. Bh4 Re8 10. Nf3 Nbd7 11. O-O Ne4 12. Bxe4 Bxh4 13. Bh7+ Kh8 14. Nxh4 Qxh4
15. Bf5 Qe7 16. Rab1 a5 17. a3 Nb6 1/2-1/2

[Event "Katernberg 4- Werden 2"]
[Site "?"]
[Date "2023.10.29"]
[Round "3.2"]
[White "Mamikonyan, Davit"]
[Black "Eggebrecht, Stefan"]
[Result "1-0"]
[WhiteElo "1913"]
[BlackElo "1749"]
[Annotator "daniel"]
[PlyCount "93"]
[SourceDate "2023.11.07"]

1. c4 e6 2. g3 d5 3. Bg2 Nf6 4. Nf3 Be7 5. O-O O-O 6. b3 Nbd7 7. d4 c6 8. Nc3
b6 9. Bb2 Ba6 10. Nd2 Rc8 11. Re1 Re8 12. e4 dxe4 13. Ncxe4 Nxe4 14. Nxe4 Nf6
15. Qf3 Nxe4 16. Qxe4 Bf6 17. Rad1 Qe7 18. h4 c5 $11 19. Ba3 Qc7 20. dxc5 bxc5
21. Bc1 Re7 22. Bf4 Qa5 23. Qc2 Bb7 24. Be5 Bxe5 25. Rxe5 Bxg2 26. Kxg2 Ree8
27. Re2 Red8 28. Red2 g6 29. Rd7 Qb6 30. Qd2 Qc6+ 31. Kg1 Rxd7 32. Qxd7 Rc7 33.
Qd8+ Kg7 34. Rd6 Qb7 35. Qg5 Qe4 36. Qd2 Qe5 37. Rd8 h5 38. Rd3 Qa1+ 39. Kg2
Qf6 40. Rd8 Qe5 41. Qd3 Qf6 42. Qd6 Rb7 43. Qf8+ Kh7 44. Qg8+ Kh6 45. Qh8+ Qxh8
46. Rxh8+ Kg7 47. Rc8 1-0

[Event "Katernberg 4- Werden 2"]
[Site "?"]
[Date "2023.10.29"]
[Round "3.3"]
[White "Rother, Josef"]
[Black "Riesenbeck, Juergen"]
[Result "1/2-1/2"]
[WhiteElo "1636"]
[BlackElo "1938"]
[PlyCount "21"]
[SourceDate "2023.11.07"]

1. d4 e6 2. e4 d5 3. exd5 exd5 4. Bd3 Nc6 5. c3 Bd6 6. Ne2 Bg4 7. Qb3 Nge7 8.
Qxb7 O-O 9. Qb3 Re8 10. Qc2 Ng6 11. Be3 1/2-1/2

[Event "Katernberg 4- Werden 2"]
[Site "?"]
[Date "2023.10.29"]
[Round "3.4"]
[White "Schmitz, Edgar"]
[Black "Weber, Dirk"]
[Result "1-0"]
[WhiteElo "1877"]
[BlackElo "1712"]
[PlyCount "63"]
[SourceDate "2023.11.07"]

1. e4 c5 2. Nf3 e6 3. d4 cxd4 4. Nxd4 a6 5. Bd3 d6 6. O-O Nf6 7. Nc3 Be7 8. h3
Qc7 9. Be3 b5 10. a4 bxa4 11. Rxa4 Bb7 12. Qe2 Nfd7 13. f4 Nc5 14. Raa1 Nbd7
15. Rae1 Nf6 16. Bf2 Ncd7 17. Kh1 h5 18. Bc4 Nc5 19. Bd3 Rb8 20. Bg3 Ncd7 21.
e5 Nd5 22. f5 Nxe5 23. fxe6 f6 24. Nf5 g5 25. Ng7+ Kd8 26. Ne4 Nb6 27. Bxe5
dxe5 28. Bxa6 Rf8 29. Nf5 Bxa6 30. Qxa6 Ra8 31. Rd1+ Ke8 32. Ng7# 1-0

[Event "Katernberg 4- Werden 2"]
[Site "?"]
[Date "2023.10.29"]
[Round "3.5"]
[White "Lange, Ralf"]
[Black "Jahrke, Jonas"]
[Result "0-1"]
[WhiteElo "1635"]
[BlackElo "1855"]
[Annotator "daniel"]
[PlyCount "94"]
[SourceDate "2023.11.07"]

1. Nf3 Nf6 2. c4 g6 3. b3 Bg7 4. Bb2 c5 5. g3 d6 6. d4 cxd4 7. Nxd4 Nc6 8. Nxc6
bxc6 9. Bg2 Qc7 10. O-O O-O 11. Nd2 Bb7 12. Rc1 c5 13. Nf3 a5 14. Bxf6 Bxf6 15.
Qc2 a4 16. Nd2 axb3 17. axb3 Bxg2 18. Kxg2 Ra3 19. Kg1 Rfa8 20. Rb1 Ra2 21. Qd3
Bg7 22. Rfc1 Qa5 23. Rc2 Ra3 24. Kg2 Qb4 25. f3 Bh6 26. e3 $11 Bg7 27. Rbc1 h5
28. Qe4 Bf6 29. h4 Ra2 30. Kf2 Bb2 31. Rxb2 Rxb2 32. Qxa8+ Kg7 33. Rd1 Rxd2+
34. Rxd2 Qxd2+ 35. Kf1 Qxe3 36. Qa1+ Kh7 37. Qd1 e5 38. Kg2 Qd4 39. Qxd4 exd4
40. Kf2 Kg7 41. Ke2 Kf6 42. Kd2 d5 43. Kd3 Ke5 44. Ke2 dxc4 45. bxc4 f5 46. Kd3
g5 47. g4 gxh4 0-1